000
00323nam a22001337a 4500
008
170926b xxu||||| |||| 00| 0 eng d
020
_a
9781133942733
041
_a
eng
080
_2
2ND
_a
37
100
_a
46
101
_a
EDU
245
_a
MINDSCAPES CRITICALREADING SKILLS AND STRATEGIES
_c
CARTER,CH,E
942
_2
udc
_c
BK
999
_c
29995
_d
29995